Prehľad platnej úpravy postavenia závodných výborov a ďalších odborových orgánov Prehľad platných zákonov, ďalších predpisov a dokumentov upravujúcich postavenie závodných výborov a vyšších orgánov Revolučného odborového hnutia

Bibliographic Details
Format: Article
Language:Slovak
Subjects:

MARC

LEADER 00000nab a2200000 a 4500
001 vtls000238464
003 SK-MaSNL
005 20260302210855.0
008 190108c1986 xo 0 slo
015 |a SNBRB19rr/mm-uuuuu 
035 |a CL0248578 
040 |a SNKBUCL  |b slo  |c SNKBUCL  |e AACR2 
041 0 |a slo 
044 |a xo  |c SK 
080 |a 331.88(437)  |2 1981 
245 0 0 |a Prehľad platnej úpravy postavenia závodných výborov a ďalších odborových orgánov  |b Prehľad platných zákonov, ďalších predpisov a dokumentov upravujúcich postavenie závodných výborov a vyšších orgánov Revolučného odborového hnutia 
610 2 7 |a Revolučné odborové hnutie  |2 SNKKA  |9 36449 
655 7 |a články z novín a časopisov  |2 snkbucl  |9 267496 
773 0 |t Odborár  |g Roč. 40, č. 3 (1986) 
850 |a Slovenská národná knižnica v Martine  |a MTA001 
852 |a SNK  |b KIS3GCP 
958 |a RK 
992 |a RBX 
999 |c 1484313  |d 1486243